| 000 | 00636nam a22001817a 4500 | ||
|---|---|---|---|
| 005 | 20230522065219.0 | ||
| 008 | 230522b |||||||| |||| 00| 0 eng d | ||
| 020 | _a978-971-9667-12-4 | ||
| 082 | _aFil. 001.4 D286 2019 | ||
| 100 |
_aDe Belen, Rustico T. _eauthor |
||
| 245 |
_aResearch and thesis writing: _boutcome-based research manual / _cAtty. Rustico T. De Belen |
||
| 260 |
_aQuezon City: _bJobal Publishing House, _cc2019 |
||
| 300 |
_aiv, 88p.: _bill. |
||
| 504 | _aIncludes bibliographies | ||
| 541 | _e7132 c.1, 7133 c.2, 7134 c.3 | ||
| 650 | _aResearch - Handbooks, manuals, etc. | ||
| 650 | _aThesis - Handbooks, manuals, etc. | ||
| 999 |
_c2146 _d2146 |
||